000 00357 a2200169 4500
001 182743
020 _a85-0803600-0
040 _cMagnum
100 _aMacedo, Joaquim Manuel de
240 1 0 _aA luneta mágica
_lpor
245 1 0 _aA luneta mágica
300 _a166
362 0 _a1992
440 1 _aÁtica
697 _aLITERATURA GERAL
942 _cBK
999 _c182743
_d182743